| 000 | 01135nam a22002657a 4500 | ||
|---|---|---|---|
| 999 |
_c7493 _d7493 |
||
| 003 | AR-CdUCM | ||
| 008 | 190320b ||||| |||| 00| 0 spa d | ||
| 040 |
_aMUNICIPALIDAD PROVINCIAL DEL CUSCO _cBIBLIOTECA MUNICIPAL DEL CUSCO |
||
| 041 | _heng | ||
| 082 |
_a630.8 / _bM36 |
||
| 110 |
_aServicio de conservación de suelos departamento de Agricultura de los Estados Unidos de América. _921034 |
||
| 245 | _aMedición del agua de riego / | ||
| 260 |
_aMéxico D. F. : _bDiana, _c1972. |
||
| 300 |
_a86 páginas ; _bfiguras, _c23 cm. |
||
| 440 |
_aColección Ingeniería de suelos. _n5 _921140 |
||
| 500 | _aManual de Ingeniería de suelos, colección 15: Riego. | ||
| 505 | _aContenido: Unidades para la medición -- Métodos de medición de corrientes de riego pequeñas -- Métodos para medir el flujo en tuberías -- Método de medición de flujo en canales. | ||
| 650 |
_aTuberías _921141 |
||
| 650 |
_aRiego _921019 |
||
| 650 |
_aMétodos de medición _921142 |
||
| 700 |
_aÁvila de la Torre, Emilio (traductor) _921037 |
||
| 710 |
_aCentro Regional de Ayuda Técnica AID. _921038 |
||
| 942 |
_2ddc _cLIBROS |
||
| 945 | _aachl | ||